[Event "3rd DC International"]
[Site "Arlington, VA"]
[Date "2015.06.28"]
[Round "6"]
[White "Viswanadha, Kesav"]
[Black "Taborsky, Rostislav"]
[Result "1/2-1/2"]
[WhiteElo "2358"]
[BlackElo "2216"]
[PlyCount "148"]
[EventDate "2015.06.??"]
[EventType "swiss"]
[EventRounds "9"]
[EventCountry "USA"]

1. e4 c5 2. c3 e6 3. d4 d5 4. exd5 exd5 5. Nf3 Nc6 6. Bb5 Bd6 7. O-O Nge7 8.
dxc5 Bxc5 9. Nbd2 O-O 10. Nb3 Bd6 11. h3 Bc7 12. Be3 a6 13. Bd3 Bf5 14. Bc5 Re8
15. Re1 Bg6 16. Qc2 b6 17. Ba3 Qd7 18. Nbd4 Nxd4 19. Nxd4 Nc6 20. Nxc6 Qxc6 21.
Bxg6 hxg6 22. Qd3 Qc4 23. Qf3 Be5 24. g3 Bf6 25. Red1 Rad8 26. Rd3 d4 27. cxd4
Rxd4 28. Rc3 Qe6 29. Re3 Qc8 30. Rxe8+ Qxe8 31. Rc1 Rd2 32. Qb7 Qe2 33. Qxb6 g5
34. Qc5 Qf3 35. Qc8+ Kh7 36. Bc5 Bxb2 37. Re1 Be5 38. Qxa6 Bxg3 39. Qf1 Rxa2
40. Be3 Bf4 41. Qd3+ g6 42. Qf1 Ra3 43. Bd4 Rd3 44. Ba1 g4 45. hxg4 Qxg4+ 46.
Qg2 Qxg2+ 47. Kxg2 Rd5 48. Re7 Rf5 49. Re8 f6 50. Bd4 g5 51. Re6 Kg6 52. Ra6 g4
53. Rc6 Bg5 54. Ra6 Rf3 55. Ba7 Rd3 56. Bc5 Bf4 57. Ra4 Kf5 58. Ra3 Rd2 59. Ra5
Be5 60. Be3 Rc2 61. Bd4 Re2 62. Bxe5 Rxe5 63. Ra3 Kf4 64. Rb3 f5 65. Ra3 Re4
66. Rb3 Rc4 67. Ra3 Rc2 68. Ra4+ Kg5 69. Ra8 f4 70. Rg8+ Kf5 71. Rf8+ Ke5 72.
Re8+ Kd5 73. Rd8+ Ke6 74. Re8+ Kf5 1/2-1/2

[Event "3rd DC International"]
[Site "Arlington, VA"]
[Date "2015.06.28"]
[Round "6"]
[White "Debs, Felipe"]
[Black "Blanco, Cesar"]
[Result "1-0"]
[WhiteElo "2515"]
[BlackElo "2072"]
[PlyCount "167"]
[EventDate "2015.06.??"]
[EventType "swiss"]
[EventRounds "9"]
[EventCountry "USA"]

1. d4 Nf6 2. c4 g6 3. Nc3 Bg7 4. e4 d6 5. Nf3 O-O 6. Be2 e5 7. Be3 exd4 8. Nxd4
Re8 9. f3 c6 10. Bf2 d5 11. exd5 cxd5 12. O-O Nc6 13. c5 Nh5 14. Qd2 Be5 15. g3
Ng7 16. Rfd1 Be6 17. Ncb5 a6 18. f4 Nxd4 19. Bxd4 Bxd4+ 20. Nxd4 Qc8 21. Nxe6
Nxe6 22. b4 a5 23. Bb5 Rd8 24. a3 Qc7 25. Rac1 axb4 26. axb4 Qe7 27. Bf1 Ra3
28. Re1 Qd7 29. b5 d4 30. f5 gxf5 31. c6 bxc6 32. bxc6 Qd6 33. Bc4 f4 34. Bxe6
fxe6 35. Re4 e5 36. gxf4 Ra7 37. Rxe5 Rg7+ 38. Rg5 Rxg5+ 39. fxg5 d3 40. c7 Rc8
41. Qa2+ Kg7 42. Qb2+ Kg8 43. Qb7 Qd4+ 44. Kh1 Qd7 45. Qb3+ Kg7 46. Qc3+ Kg8
47. Qc4+ Kg7 48. Qf4 d2 49. Rd1 Rxc7 50. Rxd2 Qc6+ 51. Kg1 Qc5+ 52. Kg2 Rf7 53.
Qg4 Qc6+ 54. Kg1 Qc1+ 55. Rd1 Qc5+ 56. Kg2 Qf2+ 57. Kh1 Qf5 58. Qd4+ Kg8 59.
Re1 Qd7 60. Qc5 Qb7+ 61. Kg1 Qa7 62. Qxa7 Rxa7 63. Kf2 Kg7 64. Re6 Ra4 65. Kg3
Rc4 66. h4 Ra4 67. h5 Rc4 68. Re7+ Kg8 69. Re8+ Kf7 70. Rd8 Ra4 71. h6 Re4 72.
Kf3 Rc4 73. Rh8 Kg6 74. Rg8+ Kh5 75. Rg7 Rc3+ 76. Kf4 Rc4+ 77. Kf5 Rc6 78. Rg8
Rb6 79. Rg7 Rc6 80. Rxh7 Rc5+ 81. Kf6 Rxg5 82. Rg7 Ra5 83. h7 Ra6+ 84. Kf5 1-0

[Event "3rd DC International"]
[Site "Arlington, VA"]
[Date "2015.06.28"]
[Round "6"]
[White "Katz, Alexander"]
[Black "Niemann, Hans"]
[Result "1/2-1/2"]
[WhiteElo "2320"]
[BlackElo "2179"]
[PlyCount "47"]
[EventDate "2015.06.??"]
[EventType "swiss"]
[EventRounds "9"]
[EventCountry "USA"]

1. e4 e6 2. d4 d5 3. exd5 exd5 4. c4 Nf6 5. Nc3 Be7 6. Nf3 O-O 7. Be2 dxc4 8.
Bxc4 c6 9. Ne5 c5 10. Be3 cxd4 11. Bxd4 Nc6 12. Nxc6 bxc6 13. O-O Qc7 14. Qe2
Ng4 15. g3 Bf6 16. Bxf6 Nxf6 17. Ne4 Nd5 18. Rfe1 Bf5 19. Bxd5 cxd5 20. Nc3 d4
21. Nd5 Qd7 22. Qe5 Rfe8 23. Ne7+ Kh8 24. Qxf5 1/2-1/2

[Event "3rd DC International"]
[Site "Arlington, VA"]
[Date "2015.06.28"]
[Round "6"]
[White "Yuvarajan, Prathiba"]
[Black "Betaneli, Alexander"]
[Result "0-1"]
[WhiteElo "2178"]
[BlackElo "2246"]
[PlyCount "100"]
[EventDate "2015.06.??"]
[EventType "swiss"]
[EventRounds "9"]
[EventCountry "USA"]

1. e4 e5 2. Nf3 Nc6 3. Bb5 a6 4. Ba4 Nf6 5. O-O Be7 6. Re1 b5 7. Bb3 d6 8. c3
O-O 9. h3 Na5 10. Bc2 c5 11. d4 Nd7 12. Nbd2 exd4 13. cxd4 Re8 14. Nf1 Bb7 15.
Ng3 g6 16. b3 Bf6 17. Bb2 Nc6 18. Rc1 Qe7 19. Ba1 Rad8 20. a3 Nb6 21. Nf1 Qf8
22. Ne3 Qg7 23. Ng4 Bxd4 24. Nxd4 Nxd4 25. Bxd4 cxd4 26. Qd2 h5 27. Nh2 d5 28.
e5 Rxe5 29. Rxe5 Qxe5 30. Nf3 Qd6 31. Nxd4 Nd7 32. Re1 Qf6 33. Re3 Ne5 34. Rg3
h4 35. Rg5 Nc6 36. Nf5 d4 37. Nh6+ Kf8 38. Ng4 Qe6 39. Bd3 Re8 40. Qf4 Kg7 41.
Bf5 Qe1+ 42. Kh2 Ne5 43. Qxd4 Kf8 44. Qd6+ Re7 45. Nf6 Qxf2 46. Nh7+ Kg7 47.
Qf6+ Kg8 48. Be4 Qxf6 49. Nxf6+ Kg7 50. Nd7 f6 0-1

[Event "3rd DC International"]
[Site "Arlington, VA"]
[Date "2015.06.28"]
[Round "6"]
[White "Boas, Toby"]
[Black "Odeh, Kenneth"]
[Result "1-0"]
[WhiteElo "2218"]
[BlackElo "2027"]
[PlyCount "35"]
[EventDate "2015.06.??"]
[EventType "swiss"]
[EventRounds "9"]
[EventCountry "USA"]

1. d4 Nf6 2. Bg5 Ne4 3. Bf4 d5 4. e3 e6 5. Bd3 Nf6 6. c4 c5 7. Nc3 Nc6 8. Nb5
e5 9. dxe5 Ng4 10. e6 Qa5+ 11. Kf1 dxc4 12. exf7+ Kxf7 13. Bxc4+ Kf6 14. Nf3 h6
15. Qd5 Nd8 16. Bg5+ Kg6 17. Nh4+ Kh7 18. Qe4+ 1-0

[Event "3rd DC International"]
[Site "Arlington, VA"]
[Date "2015.06.28"]
[Round "6"]
[White "Carreto, Giovanni"]
[Black "Helfst, Matt"]
[Result "1-0"]
[WhiteElo "2208"]
[BlackElo "1941"]
[PlyCount "65"]
[EventDate "2015.06.??"]
[EventType "swiss"]
[EventRounds "9"]
[EventCountry "USA"]

1. e4 e6 2. d4 d5 3. Nc3 dxe4 4. Nxe4 Bd7 5. Nf3 Bc6 6. Bd3 Nd7 7. Qe2 Ngf6 8.
Neg5 Bxf3 9. Qxf3 c6 10. Bd2 Nb6 11. O-O-O Qd5 12. Qxd5 Nbxd5 13. c4 Nb4 14.
Bb1 Ng4 15. Rhf1 Be7 16. h3 Nf6 17. a3 Na6 18. f4 O-O 19. f5 h6 20. Nf3 exf5
21. Bxf5 Nh5 22. Rfe1 Bd6 23. Ne5 Rad8 24. g4 Ng3 25. Bc2 f6 26. Ng6 Rfe8 27.
Bd3 Bc7 28. Nf4 Rxe1 29. Rxe1 Bxf4 30. Bxf4 Rxd4 31. Bg6 Rxc4+ 32. Kb1 Rxf4 33.
Re8# 1-0

[Event "3rd DC International"]
[Site "Arlington, VA"]
[Date "2015.06.28"]
[Round "7.1"]
[White "Mcshane, Luke"]
[Black "Maghami, Ehsan"]
[Result "1/2-1/2"]
[WhiteElo "2685"]
[BlackElo "2562"]
[PlyCount "131"]
[EventDate "2015.06.??"]
[EventType "swiss"]
[EventRounds "9"]
[EventCountry "USA"]
[WhiteClock "0:00:28"]
[BlackClock "0:00:43"]

1. e4 e5 2. Nf3 Nc6 3. Bb5 a6 4. Ba4 Nf6 5. O-O Be7 6. d3 d6 7. c3 O-O 8. Re1
b5 9. Bc2 Re8 10. Nbd2 Bf8 11. d4 Bb7 12. a4 h6 13. d5 Ne7 14. b3 c6 15. c4 b4
16. Nf1 c5 17. Nh4 g6 18. g3 Bg7 19. Ne3 Bc8 20. Ra2 h5 21. f3 Kh8 22. Bb1 Neg8
23. Rf2 Ra7 24. Bd3 Nh7 25. Kh1 Ngf6 26. Nhg2 a5 27. h4 Qd7 28. Kg1 Qd8 29. Kh2
Qd7 30. Rh1 Kg8 31. Nf1 Kf8 32. Kg1 Kg8 33. Be2 Kh8 34. Qc2 Ng8 35. g4 f5 36.
gxf5 gxf5 37. exf5 Bh6 38. Ng3 Bxc1 39. Qxc1 Ngf6 40. Ne3 Qg7 41. Rg2 Qh6 42.
Qd2 e4 43. f4 Rg7 44. Rhh2 Bd7 45. Bd1 Qxf4 46. Nxh5 Rxg2+ 47. Rxg2 Qxh4 48.
Rh2 Qg5+ 49. Kh1 Rg8 50. Qf2 Be8 51. Nf4 Bf7 52. Rh3 Nd7 53. Qh2 Rg7 54. Bh5
Ne5 55. Bxf7 Rxf7 56. Ne6 Qe7 57. Qf4 Nd3 58. Qg3 Qf6 59. Qxd6 Nf2+ 60. Kg2
Nxh3 61. Kxh3 Qh6+ 62. Kg2 Qxe3 63. Qd8+ Nf8 64. Qh4+ Nh7 65. Qd8+ Nf8 66. Qh4+
1/2-1/2

[Event "3rd DC International"]
[Site "Arlington, VA"]
[Date "2015.06.28"]
[Round "7.4"]
[White "Panchanathan, Magesh"]
[Black "Bodek, Michael"]
[Result "1/2-1/2"]
[WhiteElo "2541"]
[BlackElo "2425"]
[PlyCount "115"]
[EventDate "2015.06.??"]
[EventType "swiss"]
[EventRounds "9"]
[EventCountry "USA"]
[WhiteClock "0:25:31"]
[BlackClock "0:15:26"]

1. Nf3 e6 2. g3 g5 3. h3 d5 4. Bg2 Bg7 5. d4 h6 6. c3 Nc6 7. Nbd2 f5 8. Nb3
Nge7 9. Nc5 Ng6 10. Nd3 Qe7 11. Bd2 Nd8 12. h4 Nf7 13. h5 Nf8 14. Nfe5 Nxe5 15.
dxe5 Nd7 16. f4 c5 17. Be3 a5 18. b3 b6 19. Qd2 a4 20. c4 Bb7 21. Rc1 Ra7 22.
Bf2 axb3 23. axb3 O-O 24. cxd5 exd5 25. Nb2 Qe6 26. e3 Ra2 27. O-O Nxe5 28.
fxe5 Qxe5 29. Rc2 Rxb2 30. Rxb2 Qxb2 31. Bxd5+ Bxd5 32. Qxd5+ Kh8 33. Qe6 Qf6
34. Qxf6 Bxf6 35. Rd1 Rd8 36. Rxd8+ Bxd8 37. Be1 g4 38. Kf2 Bg5 39. Ke2 Kg7 40.
Kd3 Kf6 41. Bc3+ Ke6 42. e4 f4 43. gxf4 Bxf4 44. Bg7 Kf7 45. Bc3 b5 46. Bb2 Ke6
47. Bg7 Kd6 48. Bf8+ Kc6 49. Bg7 Kb6 50. Bf8 g3 51. Ke2 c4 52. bxc4 bxc4 53.
Bg7 Kb5 54. Bc3 Kc6 55. Kf3 Kd7 56. Bd4 Bd2 57. Kxg3 c3 58. Bxc3 1/2-1/2

[Event "3rd DC International"]
[Site "Arlington, VA"]
[Date "2015.06.28"]
[Round "7"]
[White "Bachmann, Axel"]
[Black "Georgiadis, Nico"]
[Result "1/2-1/2"]
[WhiteElo "2626"]
[BlackElo "2479"]
[PlyCount "120"]
[EventDate "2015.06.??"]
[EventType "swiss"]
[EventRounds "9"]
[EventCountry "USA"]

1. c4 e6 2. Nf3 d5 3. g3 Nf6 4. Bg2 d4 5. e3 c5 6. exd4 cxd4 7. O-O Nc6 8. d3
Bd6 9. Re1 O-O 10. a3 a5 11. Bg5 h6 12. Bxf6 Qxf6 13. Nbd2 Qe7 14. Nh4 Bc7 15.
Rb1 a4 16. Qc1 Bd7 17. c5 Ba5 18. b4 axb3 19. Rxb3 Bxd2 20. Qxd2 Na5 21. Rb4
Qxc5 22. Nf3 Bc6 23. Nxd4 Bxg2 24. Kxg2 Nc6 25. Nxc6 Qxc6+ 26. Kg1 Rxa3 27. Qb2
Rxd3 28. Rxb7 Rfd8 29. Rb8 Qf3 30. Rxd8+ Rxd8 31. Qe2 Qxe2 32. Rxe2 g5 33. Kg2
Kg7 34. Re4 h5 35. h3 Kg6 36. Ra4 f5 37. Kf3 Kf6 38. h4 g4+ 39. Ke3 Rb8 40. Ra5
Rb4 41. Ke2 Re4+ 42. Kf1 Rd4 43. Ke2 Rd5 44. Ra8 Ke5 45. Ke3 Rb5 46. Ra3 Rc5
47. Rb3 Ra5 48. Rc3 Ra4 49. Rc5+ Kd6 50. Rb5 Ra3+ 51. Ke2 e5 52. Kf1 Ke6 53.
Kg2 Rd3 54. Ra5 Rd5 55. Ra6+ Rd6 56. Ra5 Kf6 57. Rb5 Re6 58. Ra5 Kg6 59. Ra4
Rf6 60. Ra5 Re6 1/2-1/2

[Event "3rd DC International"]
[Site "Arlington, VA"]
[Date "2015.06.28"]
[Round "7"]
[White "Wheeler, Cameron"]
[Black "Jayaram, Ashwin"]
[Result "0-1"]
[WhiteElo "2299"]
[BlackElo "2490"]
[PlyCount "57"]
[EventDate "2015.06.??"]
[EventType "swiss"]
[EventRounds "9"]
[EventCountry "USA"]

1. c4 Nf6 2. g3 e5 3. Bg2 h6 4. a3 g6 5. Nc3 Bg7 6. e3 O-O 7. Nge2 d6 8. O-O c6
9. d4 Qe7 10. e4 exd4 11. Nxd4 Nbd7 12. Re1 Re8 13. h3 a5 14. Rb1 Nc5 15. b4
axb4 16. axb4 Ne6 17. Be3 Ng5 18. Kh2 Qd7 19. Na4 Nxh3 20. f3 Rxa4 21. Qxa4 Re5
22. Nf5 Rxf5 23. exf5 Qxf5 24. Rbd1 Kh7 25. Rd4 Ng5 26. Bxg5 Qxg5 27. Qa8 Nh5
28. Rde4 Qxg3+ 29. Kh1 0-1

[Event "3rd DC International"]
[Site "Arlington, VA"]
[Date "2015.06.28"]
[Round "7"]
[White "Cao, Jason"]
[Black "Korley, Kassa"]
[Result "1-0"]
[WhiteElo "2332"]
[BlackElo "2435"]
[PlyCount "71"]
[EventDate "2015.06.??"]
[EventType "swiss"]
[EventRounds "9"]
[EventCountry "USA"]

1. e4 d5 2. exd5 Qxd5 3. Nc3 Qd8 4. d4 Nf6 5. Nf3 Bg4 6. h3 Bxf3 7. Qxf3 c6 8.
Be3 e6 9. Bd3 Nbd7 10. O-O g6 11. Ne4 Nxe4 12. Bxe4 Bg7 13. Rad1 O-O 14. c4 Qa5
15. Bb1 Rad8 16. b3 f5 17. Bg5 Rde8 18. Bd2 Qc7 19. Bb4 Rf7 20. Rfe1 e5 21.
dxe5 Bxe5 22. Bd6 Qc8 23. c5 Rf6 24. Bd3 Bxd6 25. Bc4+ Kg7 26. cxd6 Qd8 27. Qc3
Nc5 28. Rxe8 Qxe8 29. Qd4 Nd7 30. Kf1 Qf8 31. Be6 Qd8 32. b4 a6 33. f4 h5 34.
h4 Nf8 35. Bb3 Qd7 36. Qe5 1-0

[Event "3rd DC International"]
[Site "Arlington, VA"]
[Date "2015.06.28"]
[Round "7"]
[White "Ippolito, Dean"]
[Black "Burke, John"]
[Result "1-0"]
[WhiteElo "2395"]
[BlackElo "2258"]
[PlyCount "107"]
[EventDate "2015.06.??"]
[EventType "swiss"]
[EventRounds "9"]
[EventCountry "USA"]

1. d4 Nf6 2. c4 g6 3. Nf3 Bg7 4. g3 d5 5. cxd5 Nxd5 6. Bg2 Nb6 7. Nc3 Nc6 8. e3
O-O 9. O-O Re8 10. Qe2 e5 11. dxe5 Nxe5 12. Nxe5 Bxe5 13. Rd1 Qe7 14. e4 c6 15.
Be3 Be6 16. f4 Bxc3 17. bxc3 Rad8 18. Qf2 Rxd1+ 19. Rxd1 Na4 20. Qc2 Qa3 21. f5
Bc4 22. Bd4 Rd8 23. Bf6 Rxd1+ 24. Qxd1 Bxa2 25. Qd8+ Qf8 26. Qc7 Nxc3 27. Be7
Qe8 28. f6 h6 29. Qa5 Ne2+ 30. Kf2 Bc4 31. Qd2 Kh7 32. Bf3 Nxg3 33. hxg3 Be6
34. e5 Qd7 35. Qxd7 Bxd7 36. g4 Kg8 37. Ke3 b6 38. Kd4 Bc8 39. Bd6 a6 40. Bc7
c5+ 41. Kc3 b5 42. Bd6 c4 43. Bb4 Be6 44. Kd4 g5 45. Ke3 h5 46. gxh5 Kh7 47.
Bf8 Bf5 48. Be4 Bxe4 49. Kxe4 c3 50. Kd3 g4 51. Bc5 Kg8 52. h6 g3 53. e6 fxe6
54. h7+ 1-0

[Event "3rd DC International"]
[Site "Arlington, VA"]
[Date "2015.06.28"]
[Round "7"]
[White "Santarius, Erik"]
[Black "Pourkashiyan, Atousa"]
[Result "1/2-1/2"]
[WhiteElo "2266"]
[BlackElo "2370"]
[PlyCount "121"]
[EventDate "2015.06.??"]
[EventType "swiss"]
[EventRounds "9"]
[EventCountry "USA"]

1. e4 c5 2. Nf3 e6 3. g3 Nc6 4. Bg2 Nf6 5. Qe2 Be7 6. O-O d5 7. exd5 exd5 8. d4
cxd4 9. Nbd2 Bf5 10. Nb3 d3 11. cxd3 O-O 12. Be3 Ng4 13. Nfd4 Nxe3 14. fxe3
Nxd4 15. Nxd4 Bg6 16. h4 h6 17. Nf5 Bf6 18. d4 Re8 19. Qd3 Qc7 20. Rf3 Rad8 21.
Raf1 Kh8 22. Bh3 Re4 23. Kg2 Rde8 24. Qb3 a6 25. R1f2 Qb8 26. Qxd5 Bxf5 27.
Bxf5 Rxe3 28. Qxf7 Rxf3 29. Rxf3 Re2+ 30. Kh3 Qe8 31. Qxb7 Bxd4 32. Qxa6 Rxb2
33. Qg6 Qxg6 34. Bxg6 Rb8 35. a4 Kg8 36. Rf4 Bc3 37. Rc4 Be1 38. Re4 Bc3 39.
Re7 Ra8 40. Rb7 Kf8 41. Bc2 Ke8 42. Bd3 Kf8 43. Bb5 Bd4 44. Rd7 Bc5 45. Kg4 Ra7
46. Rd3 g6 47. Kf4 Ke7 48. Ke5 Bb4 49. Rf3 Rc7 50. Kd4 Rc1 51. Bd3 g5 52. h5
Rg1 53. Re3+ Kf6 54. Be2 Be1 55. Kd5 Rxg3 56. Bf3 g4 57. Re6+ Kg5 58. Bxg4 Rxg4
59. Re5+ Kh4 60. Rxe1 Rxa4 61. Re4+ 1/2-1/2

[Event "3rd DC International"]
[Site "Arlington, VA"]
[Date "2015.06.28"]
[Round "7"]
[White "Rohan, Ahuja"]
[Black "Wang, Kevin"]
[Result "0-1"]
[WhiteElo "2218"]
[BlackElo "2364"]
[PlyCount "160"]
[EventDate "2015.06.??"]
[EventType "swiss"]
[EventRounds "9"]
[EventCountry "USA"]

1. Nf3 d5 2. g3 g6 3. Bg2 Bg7 4. d4 e6 5. c4 Ne7 6. O-O Nbc6 7. Nc3 O-O 8. e3
a5 9. b3 b6 10. cxd5 exd5 11. Bb2 h6 12. Qd2 Be6 13. Ne2 g5 14. h4 f6 15. Rfc1
Qd7 16. Ba3 Rfe8 17. Nc3 Na7 18. hxg5 hxg5 19. Re1 Nf5 20. e4 dxe4 21. Rxe4 Nd6
22. Rxe6 Rxe6 23. Nxg5 fxg5 24. Bxa8 c6 25. d5 Nf7 26. Rd1 Re8 27. Bxc6 Nxc6
28. dxc6 Qxd2 29. Rxd2 Bxc3 30. Rc2 Be5 31. b4 axb4 32. Bxb4 Bc7 33. Bd2 Re6
34. Be3 Ne5 35. Kg2 g4 36. Bxb6 Nd3 37. Rc4 Bxb6 38. Rxg4+ Kf7 39. Rc4 Nc5 40.
c7 Rc6 41. f4 Rxc7 42. g4 Ra7 43. a4 Rxa4 44. Rxa4 Nxa4 45. Kf3 Nc5 46. g5 Ne6
47. Kg4 Be3 48. Kf5 Nxf4 49. Ke4 Bc1 50. g6+ Kxg6 51. Ke5 Kg5 52. Kd6 Kf5 53.
Kc5 Ke5 54. Kc6 Be3 55. Kd7 Kd5 56. Kc7 Ne6+ 57. Kb7 Kc5 58. Kb8 Kc6 59. Ka8
Nc7+ 60. Kb8 Bb6 61. Kc8 Ba7 62. Kd8 Nd5 63. Ke8 Kd6 64. Kf7 Ne7 65. Kg7 Be3
66. Kf6 Bf4 67. Kf7 Bg5 68. Ke8 Kc7 69. Kf7 Kd7 70. Kf8 Ke6 71. Ke8 Nd5 72. Kf8
Nc7 73. Kg7 Kf5 74. Kf7 Bf6 75. Kg8 Kg6 76. Kf8 Bd8 77. Kg8 Be7 78. Kh8 Bf8 79.
Kg8 Bh6 80. Kh8 Nd5 0-1

[Event "3rd DC International"]
[Site "Arlington, VA"]
[Date "2015.06.28"]
[Round "7"]
[White "Taborsky, Rostislav"]
[Black "Debs, Felipe"]
[Result "1-0"]
[WhiteElo "2216"]
[BlackElo "2515"]
[PlyCount "61"]
[EventDate "2015.06.??"]
[EventType "swiss"]
[EventRounds "9"]
[EventCountry "USA"]

1. d4 d5 2. c4 c6 3. Nf3 Nf6 4. Nc3 dxc4 5. a4 e6 6. e3 c5 7. Bxc4 Nc6 8. O-O
Be7 9. Qe2 cxd4 10. Rd1 O-O 11. exd4 Nd5 12. Bd3 Ncb4 13. Bb1 Bd7 14. Ne5 Rc8
15. Bd2 Be8 16. a5 a6 17. Be4 Bd6 18. Rdc1 Qh4 19. g3 Qd8 20. h4 Bc6 21. Bg5
Qe8 22. Nxc6 bxc6 23. Bg2 h6 24. Ne4 Bc7 25. Bd2 Rb8 26. Nc5 Rb5 27. Bxb4 Nxb4
28. Nxa6 Rb7 29. Nxb4 Rxb4 30. a6 Qa8 31. a7 1-0

[Event "3rd DC International"]
[Site "Arlington, VA"]
[Date "2015.06.28"]
[Round "7"]
[White "Velikanov, Alexander"]
[Black "Viswanadha, Kesav"]
[Result "0-1"]
[WhiteElo "2292"]
[BlackElo "2358"]
[PlyCount "90"]
[EventDate "2015.06.??"]
[EventType "swiss"]
[EventRounds "9"]
[EventCountry "USA"]

1. d4 Nf6 2. Nf3 e6 3. c4 b6 4. a3 Bb7 5. Nc3 d5 6. cxd5 Nxd5 7. e3 Be7 8. Bb5+
c6 9. Bd3 O-O 10. Qc2 h6 11. e4 Nxc3 12. bxc3 c5 13. O-O Qc8 14. Qe2 Ba6 15.
Rd1 Bxd3 16. Rxd3 cxd4 17. cxd4 Nd7 18. Ne1 Kh7 19. Rh3 Rh8 20. Bf4 Nf8 21. Qf3
Qe8 22. g4 Kg8 23. Rd1 Ng6 24. Bg3 Rd8 25. Rd3 Bg5 26. Rh5 Qa4 27. h4 Bf6 28.
e5 Be7 29. Qe3 Bf8 30. g5 Ne7 31. gxh6 Rxh6 32. Rxh6 gxh6 33. Nf3 Nf5 34. Qf4
Qc4 35. Qe4 Bxa3 36. h5 Be7 37. Bh4 Kf8 38. Bxe7+ Kxe7 39. Kh2 Qc2 40. Kg2 Ke8
41. Ne1 Qc4 42. Nf3 Qd5 43. Qg4 Kd7 44. Rc3 a5 45. Qf4 Rc8 0-1

[Event "3rd DC International"]
[Site "Arlington, VA"]
[Date "2015.06.28"]
[Round "7"]
[White "Larson, Matthew"]
[Black "Katz, Alexander"]
[Result "0-1"]
[WhiteElo "2160"]
[BlackElo "2320"]
[PlyCount "140"]
[EventDate "2015.06.??"]
[EventType "swiss"]
[EventRounds "9"]
[EventCountry "USA"]

1. d4 Nf6 2. c4 e6 3. Nc3 Bb4 4. f3 d5 5. a3 Be7 6. e4 dxe4 7. fxe4 e5 8. d5
Bc5 9. Nf3 Bg4 10. h3 Bxf3 11. Qxf3 Nbd7 12. Bg5 Bd4 13. Rb1 Bxc3+ 14. bxc3 Nc5
15. Bd3 Qd6 16. O-O O-O 17. Bxf6 Qxf6 18. Qxf6 gxf6 19. Bc2 Kg7 20. Rb5 b6 21.
Rbb1 Rfd8 22. Rf3 Rd6 23. Rbf1 Rb8 24. a4 a6 25. Rb1 Kf8 26. Rf5 Ke7 27. Rh5
Rg8 28. g4 Rg7 29. Rf1 Rd8 30. Rh6 Nd7 31. Rf5 Rb8 32. Bd3 Nc5 33. Bc2 Nd7 34.
Bd3 Rh8 35. Rfh5 Kf8 36. Kf2 Kg8 37. g5 Rg6 38. gxf6 Nxf6 39. Rxg6+ hxg6 40.
Rxe5 Rxh3 41. Be2 Rxc3 42. Re7 Kf8 43. Rxc7 Nxe4+ 44. Kg2 b5 45. Rc6 bxc4 46.
a5 Rg3+ 47. Kh2 Ra3 48. Bxc4 Rxa5 49. d6 Rc5 50. Rxa6 Nxd6 51. Bd3 Rd5 52. Bb1
Nf5 53. Ra7 Re5 54. Kh3 Kg7 55. Ba2 Re7 56. Ra6 Kh6 57. Kg4 Nd4 58. Bd5 f5+ 59.
Kf4 Ne2+ 60. Kf3 Kg5 61. Ba2 Nd4+ 62. Kf2 Kf4 63. Ra4 Re2+ 64. Kf1 Rd2 65. Ke1
Ke3 66. Ra3+ Rd3 67. Rxd3+ Kxd3 68. Kf2 Ke4 69. Kg3 g5 70. Bb1+ Ke5 0-1

[Event "3rd DC International"]
[Site "Arlington, VA"]
[Date "2015.06.28"]
[Round "7"]
[White "Korba, Nicky"]
[Black "Colas, Joshua"]
[Result "1-0"]
[WhiteElo "2117"]
[BlackElo "2241"]
[PlyCount "89"]
[EventDate "2015.06.??"]
[EventType "swiss"]
[EventRounds "9"]
[EventCountry "USA"]

1. d4 Nf6 2. c4 e6 3. Nc3 Bb4 4. e3 O-O 5. Bd3 c5 6. Nf3 d5 7. O-O cxd4 8. exd4
dxc4 9. Bxc4 b6 10. Bg5 Bb7 11. a3 Be7 12. Re1 Nc6 13. Rc1 Na5 14. Ba2 h6 15.
Bh4 Bxf3 16. Qxf3 Qxd4 17. Bg3 Qg4 18. Qxg4 Nxg4 19. b4 Nb7 20. Bd5 exd5 21.
Rxe7 Nd8 22. Nxd5 Ne6 23. h3 Nf6 24. Nxf6+ gxf6 25. Rd1 Rfe8 26. Rxe8+ Rxe8 27.
Rd7 Ra8 28. Rb7 Nd8 29. Rd7 b5 30. Rd5 a6 31. Rf5 Kg7 32. Bh4 Ne6 33. Bxf6+ Kg6
34. g4 Ra7 35. Be5 Rd7 36. Rf6+ Kh7 37. f4 Nd4 38. Bxd4 Rxd4 39. Rxf7+ Kg6 40.
Ra7 Rxf4 41. Rxa6+ Kg5 42. Rb6 Rf3 43. Rxb5+ Kh4 44. Kg2 Rg3+ 45. Kf2 1-0

[Event "3rd DC International"]
[Site "Arlington, VA"]
[Date "2015.06.28"]
[Round "7"]
[White "Blanco, Cesar"]
[Black "Boas, Toby"]
[Result "0-1"]
[WhiteElo "2072"]
[BlackElo "2218"]
[PlyCount "98"]
[EventDate "2015.06.??"]
[EventType "swiss"]
[EventRounds "9"]
[EventCountry "USA"]

1. d4 Nf6 2. Nf3 e6 3. e3 b6 4. Bd3 Bb7 5. Nbd2 d5 6. Ne5 Nfd7 7. f4 Nxe5 8.
fxe5 f5 9. exf6 Qxf6 10. Rf1 Qh4+ 11. g3 Qxh2 12. Rf2 Qxg3 13. Nf1 Qh4 14. Qf3
Bb4+ 15. Bd2 Rf8 16. Qg2 Bd6 17. Ke2 Rxf2+ 18. Qxf2 Qxf2+ 19. Kxf2 g6 20. Ng3
Nd7 21. e4 Bxg3+ 22. Kxg3 dxe4 23. Bc4 Bd5 24. Bb5 c6 25. Be2 e5 26. c4 Be6 27.
d5 cxd5 28. cxd5 Bxd5 29. Rc1 Nc5 30. Bb5+ Ke7 31. b4 Ne6 32. a4 a6 33. Bf1 Bb3
34. Rc6 Rb8 35. a5 Bd5 36. Rc1 b5 37. Be3 Kd6 38. Bb6 Rf8 39. Bh3 Rf3+ 40. Kh2
Bc4 41. Bg2 Rd3 42. Bxe4 Rd2+ 43. Kg3 Nf4 44. Kg4 h6 45. Be3 Re2 46. Kf3 Rb2
47. Bc5+ Ke6 48. Rh1 h5 49. Rg1 Kf6 0-1

[Event "3rd DC International"]
[Site "Arlington, VA"]
[Date "2015.06.28"]
[Round "7"]
[White "Violini, Paolo"]
[Black "Yuvarajan, Prathiba"]
[Result "0-1"]
[WhiteElo "1975"]
[BlackElo "2178"]
[PlyCount "78"]
[EventDate "2015.06.??"]
[EventType "swiss"]
[EventRounds "9"]
[EventCountry "USA"]

1. e4 e5 2. Nf3 Nc6 3. Bc4 Nf6 4. d3 d6 5. Nc3 Be7 6. h3 O-O 7. Be3 Na5 8. Bb3
Nxb3 9. axb3 c6 10. Rxa7 Rxa7 11. Bxa7 b6 12. Na4 Nd7 13. Qa1 Qc7 14. Nc3 Nc5
15. b4 Na6 16. b5 Nb4 17. O-O Bd7 18. Qa4 d5 19. Bxb6 Qxb6 20. Nxe5 Be8 21.
bxc6 dxe4 22. Nxe4 Nxc6 23. Nc4 Qd4 24. Ned2 Ne5 25. Qb3 Nxc4 26. Nxc4 Bc6 27.
Qb6 Qd5 28. Ne3 Qe6 29. c4 Bf6 30. d4 Be4 31. Qxe6 fxe6 32. Rd1 Rd8 33. f3 Bg6
34. b4 Bxd4 35. Kf1 Kf7 36. c5 Ke7 37. Nc4 Bc3 38. Rxd8 Kxd8 39. Na5 Kc7 0-1

[Event "3rd DC International"]
[Site "Arlington, VA"]
[Date "2015.06.29"]
[Round "8.1"]
[White "Zhou, Jianchao"]
[Black "Mcshane, Luke"]
[Result "1/2-1/2"]
[WhiteElo "2597"]
[BlackElo "2685"]
[PlyCount "51"]
[EventDate "2015.06.??"]
[EventType "swiss"]
[EventRounds "9"]
[EventCountry "USA"]
[WhiteClock "0:51:26"]
[BlackClock "0:22:58"]

1. d4 d5 2. c4 c6 3. cxd5 cxd5 4. Nc3 Nf6 5. Bf4 Nc6 6. e3 a6 7. Bd3 Bg4 8.
Nge2 e6 9. Qb3 Na5 10. Qa4+ Nc6 11. Qb3 Ra7 12. O-O Be7 13. Ng3 O-O 14. Bg5 Nh5
15. Bxe7 Qxe7 16. Nxh5 Bxh5 17. Rac1 Rd8 18. Be2 Bxe2 19. Nxe2 Raa8 20. Qb6 Rd6
21. Nf4 Rad8 22. Qb3 Na5 23. Qb4 Nc6 24. Qb3 Na5 25. Qb4 Nc6 26. Qb6 1/2-1/2

[Event "3rd DC International"]
[Site "Arlington, VA"]
[Date "2015.06.29"]
[Round "8.3"]
[White "Subramanian, Arun"]
[Black "Jussupow, Artur"]
[Result "1/2-1/2"]
[WhiteElo "2496"]
[BlackElo "2584"]
[PlyCount "74"]
[EventDate "2015.06.??"]
[EventType "swiss"]
[EventRounds "9"]
[EventCountry "USA"]
[WhiteClock "0:15:49"]
[BlackClock "0:10:48"]

1. Nf3 Nf6 2. c4 e6 3. Nc3 d5 4. d4 Be7 5. Bf4 O-O 6. e3 c5 7. dxc5 Bxc5 8. Qc2
Nc6 9. a3 Bd7 10. Rd1 Rc8 11. Be2 dxc4 12. Bxc4 Be7 13. O-O Qb6 14. Ba2 Rfd8
15. e4 Nh5 16. Be3 Qc7 17. Rd2 Be8 18. Rfd1 Rxd2 19. Rxd2 Nf6 20. h3 h6 21. Bb1
Qb8 22. Qd1 b5 23. Bd3 a5 24. Qe2 b4 25. axb4 axb4 26. Nd1 Nd7 27. Ba6 Rd8 28.
Rc2 Nde5 29. Rd2 Nxf3+ 30. Qxf3 Bg5 31. Bxg5 hxg5 32. Rxd8 Qxd8 33. Qd3 Qa5 34.
Kh2 Qe5+ 35. Kg1 Qa5 36. Kh2 Qe5+ 37. Kg1 Qa5 1/2-1/2